logo

Bir Sreshtho Munshi Abdur Rouf Library
Jhenaidah Cadet College

Theory of literature (Record no. 8946)

MARC details
000 -LEADER
fixed length control field 00747cam a2200277 a 4500
001 - CONTROL NUMBER
JCCL Control Number 8946
003 - CONTROL NUMBER IDENTIFIER
JCCL marc code BD-JhCC
005 - DATE AND TIME OF LATEST TRANSACTION
control field 20180305202306.0
008 - FIXED-LENGTH DATA ELEMENTS--GENERAL INFORMATION
fixed length control field 700911s1966 enk b 001 0 eng
035 ## - SYSTEM CONTROL NUMBER
system control number (BD-JhCC)8946
040 ## - CATALOGING SOURCE
Original cataloging agency LC
Transcribing agency LC
Modifying agency VMOU
-- BD-JhCC
041 ## - LANGUAGE CODE
Language code of Book eng
050 00 - LIBRARY OF CONGRESS CALL NUMBER
Classification number PN45
Item number .W35 1966
050 00 - LIBRARY OF CONGRESS CALL NUMBER
Classification number PN45
Item number .W36 1966
082 04 - DEWEY DECIMAL CLASSIFICATION NUMBER
Classification number 801
Author mark and Year WEL 1966
100 1# - MAIN ENTRY--PERSONAL NAME
Personal name Wellek, Rene.
245 10 - TITLE STATEMENT
Title Theory of literature
Statement of responsibility, etc [by] Rene Wellek & Austin Warren.
250 ## - EDITION STATEMENT
Edition statement 3rd (revised) ed.
260 ## - PUBLICATION, DISTRIBUTION, ETC. (IMPRINT)
Place of publication, distribution, etc London,
Name of publisher, distributor, etc Cape,
Date of publication, distribution, etc 1966.
300 ## - PHYSICAL DESCRIPTION
Pagination 375 p.
Dimensions 23 cm.
504 ## - BIBLIOGRAPHY, ETC. NOTE
Bibliography, etc Bibliography: p. 317-357.
650 #0 - SUBJECT ADDED ENTRY--TOPICAL TERM
Topical term or geographic name as entry element Literature
General subdivision Philosophy.
700 1# - ADDED ENTRY--PERSONAL NAME
Personal name Warren, Austin,
Dates associated with a name 1899-,
942 ## - ADDED ENTRY ELEMENTS (KOHA)
Source of classification or shelving scheme Dewey Decimal Classification
Koha item type Books
Holdings
Source of classification or shelving scheme Damaged status Not for loan Home library Current library Shelving location Total Checkouts Full call number Barcode Date last seen Copy number Koha item type
Dewey Decimal Classification     JCC Rouf Library JCC Rouf Library General Stacks   801 WEL 1966 11653 03/05/2018 C - 1 Books

JCC Library | Contacts | JCC Home

Last Update on 23 September 2017
Copyright @ 2017-2020 JCC Rouf Library
Rouf Library, Jhenidah Cadet College (JCC), Bangladesh